LIBRARY ONLINE CATALOGUE

Environmental health for East Africa / (Record no. 13036)

MARC details
000 -LEADER
fixed length control field 00655nam a22002052 4500
001 - CONTROL NUMBER
control field 0000007011
005 - DATE AND TIME OF LATEST TRANSACTION
control field 20151217155831.0
008 - FIXED-LENGTH DATA ELEMENTS--GENERAL INFORMATION
fixed length control field 071107s xx 000 0 eng d
020 ## - INTERNATIONAL STANDARD BOOK NUMBER
International Standard Book Number 9966874542 :
Terms of availability KES 950
040 ## - CATALOGING SOURCE
Original cataloging agency KABU
Transcribing agency KABU
245 10 - TITLE STATEMENT
Title Environmental health for East Africa /
Statement of responsibility, etc. Gerald K. Rukunga, editor.
260 ## - PUBLICATION, DISTRIBUTION, ETC. (IMPRINT)
Place of publication, distribution, etc. Nairobi :
Name of publisher, distributor, etc. AMREF,
Date of publication, distribution, etc. 2001.
300 ## - PHYSICAL DESCRIPTION
Extent xii, 280 p.
650 #0 - SUBJECT ADDED ENTRY--TOPICAL TERM
Topical term or geographic name as entry element Environmental health
Location of event Africa, East.
-- 0000158024
650 #0 - SUBJECT ADDED ENTRY--TOPICAL TERM
Topical term or geographic name as entry element Public health
Location of event Afrca, East.
-- 0000158025
700 1# - ADDED ENTRY--PERSONAL NAME
Personal name Rukunga, Gerald K.
-- 0000158026
908 ## - PUT COMMAND PARAMETER (RLIN)
Put command parameter 071107
950 ## - LOCAL HOLDINGS (RLIN)
-- 1
Holdings
Withdrawn status Lost status Source of classification or shelving scheme Not for loan Home library Current library Date acquired Total Checkouts Full call number Barcode Date last seen Price effective from Koha item type
    Library of Congress Classification   Kabarak, Main Campus Kabarak, Main Campus 17/12/2015   RA566.5 .A353E58 012921 17/12/2015 17/12/2015 Africana Collection